000 00919nam a2200277 i 4500
003 EG-GICUC
005 20260410195603.0
008 260410s1934 Fr |||fr|||| 00| 0 fre d
040 _aEG-GiCUC
_bfre
_cEG-GiCUC
_dEG-GiCUC
_eRda
082 0 4 _221
_a343.394
_bLA . E
092 0 4 _221
099 _aLaw1 10 343.394 LA . E 1934
100 1 _aLagneau, Charles
_eAuteur
245 _aDe L'expertise À BASE Scientifique Comme Moyen De Preuve en Matière Criminelle /
_cCharles Lagneau.
264 1 _aParis :
_bLes Éditions Domat-montchrestien,
_c1934.
300 _a174 page;
_c 24 cm.
336 _2rda contenu
_a texte
337 _2rda medias
_aOrdinateur
338 _2 transporteur rda
_a Ressource en ligne
650 1 _aExpérience
_2qrmak
650 1 _aDroit De Pénal
_2qrmak
651 1 _2qrmak
856 4 0 _uhttps://fll.law.cu.edu.eg/fulltext/bks/B10-08607.pdf
905 _a54
942 _2ddc
_cBK
_e21
_n0
999 _c69962
_d69962